000 00285nam a22001337a 4500
008 171011b xxu||||| |||| 00| 0 eng d
020 _a9780691037790
041 _aeng
080 _a316
100 _a50
101 _aSOC
245 _aMULTICULTURALISM
_cTAYLOR.CH
942 _2udc
_cBK
999 _c33053
_d33053